Кара без вини (Запис № 18597)

000 -Маркер запису
Контрольне поле сталої довжини 01706nam a22002537a 4500
003 - Належність контрольного номера
Контрольне поле Uzh_bibl
008 - Кодовані дані
Контрольне поле сталої довжини 260629b |||||||| |||| 00| 0 ukr d
020 ## - Індекс ISBN
ISBN 5-337-01439-0
Ціна 9.82
040 ## - Джерело каталогіз.
Служба первин.кат. укр.
041 ## - Код мови видання
Код мови оригіналу українська
Код мови тексту українська
080 ## - Індекс УДК
Індекс УДК 821(477)
090 ## - Шифри
Поличний індекс 821(477)
Авторський знак Г 93
100 ## - Автор
Автор Гудима, Андрій
245 ## - Назва
Назва Кара без вини
Фізичний носій Текст
260 ## - Вихідні дані
Місце видання Київ
Видавництво Урожай
Дата видання 1993
300 ## - Фізичний опис
Обсяг 288 с.
Тип одиниці В опр.
520 ## - Анотація
Анотація У романі автор звертається до жахливих подій, що внаслідок безглуздої сталінської тоталітарної політики мали місце в Україні у 1932—1933 роках.<br/>Далеко від жвавих шляхів та людних міст розкинулося невелике подільське село Слобода, проте голод безжалісним потоптом пройшовся і по ньому.<br/>Встаньмо і пом'янімо, знайдімо в собі силу і мужність пройти за невигаданими героями шляхами їхньої хресної путі. Це потрібно «і мертвим, і живим, і ненародженим...».
521 ## - Примітка про цільове призначення
Примітка про цільове призначення Для широкого кола читачів
546 ## - Примітка про мову
Примітка про мову укр.
650 ## - Тематичні рубрики
Основна рубрика Літературно-художнє видання
Хронологічна підрубрика 1932–1933 роки
Географічна підрубрика Україна, подільське село Слобода
653 ## - Ключові слова
Ключові слова Голодомор
-- Село
-- Страждання
-- Пам'ять
-- Народ
655 ## - Термін індексування — жанр/форма
Жанр/форма Історичний роман
Типове ділення Романи
942 ## - ADDED ENTRY ELEMENTS (KOHA)
Джерело класифікації чи схема поличного розташування
Koha item type Книги
Фонди
Статус вилучення Статус втрати/відсутності Джерело класифікації чи схема поличного розташування Статус пошкодження Тип обігу (не для випозичання) Постійне розташування Поточне розташування Розташування у відділі Дата надходження Інвентарний номер Total Checkouts Повний (примірниковий) шифр зберігання Штрих-код Date last seen Дата, для якої чинна ціна заміни Тип одиниці (рівень примірника)
          Публічна бібліотека Публічна бібліотека Абонемент 29/06/2026 44622   821(477) 20636 29/06/2026 29/06/2026 Книги

Працює на АБІС Коха